Catálogo

La nueva Jerusalén : (Registro nro. 26564)

Detalles MARC
000 -LEADER
fixed length control field 01307cam a2200373 i 4500
001 - CONTROL NUMBER
control field 26564
003 - CONTROL NUMBER IDENTIFIER
control field Mx-PuUPA
005 - DATE AND TIME OF LATEST TRANSACTION
control field 20250911100002.0
008 - FIXED-LENGTH DATA ELEMENTS--GENERAL INFORMATION
fixed length control field 140415s2008 ag gr 000 0 spa d
020 ## - INTERNATIONAL STANDARD BOOK NUMBER
International Standard Book Number 9789876400053
040 ## - CATALOGING SOURCE
Original cataloging agency Mx-PuUPA
Transcribing agency Mx-PuUPA
Language of cataloging spa
Modifying agency Mx-PuUPA
Description conventions rda
041 1# - LANGUAGE CODE
Language code of text/sound track or separate title spa
Language code of original eng
100 1# - MAIN ENTRY--PERSONAL NAME
Personal name Chesterton, G. K.,
Fuller form of name (Gilbert Keith),
Dates associated with a name 1874-1936
Relator term autor
9 (RLIN) 6386
240 14 - UNIFORM TITLE
Uniform title The new Jerusalem.
Language of a work Español
245 13 - TITLE STATEMENT
Title La nueva Jerusalén :
Remainder of title apuntes desde tierra santa /
Statement of responsibility, etc. Gilbert Keith Chesterton ; traducción, prólogo y notas de Horacio Velasco Suárez
250 ## - EDITION STATEMENT
Edition statement 1a edición /
Remainder of edition statement febrero
264 #1 - PRODUCTION, PUBLICATION, DISTRIBUTION, MANUFACTURE, AND COPYRIGHT NOTICE
Place of production, publication, distribution, manufacture Buenos Aires :
Name of producer, publisher, distributor, manufacturer Agape Libros,
Date of production, publication, distribution, manufacture, or copyright notice 2008
300 ## - PHYSICAL DESCRIPTION
Extent 365 páginas ;
Dimensions 20 cm
336 ## - CONTENT TYPE
Fuente rdacontent
Content type term texto
Content type code txt
337 ## - MEDIA TYPE
Source rdamedia
Media type term sin medio
Media type code n
338 ## - CARRIER TYPE
Source rdacarrier
Carrier type term volumen
Carrier type code nc
490 0# - SERIES STATEMENT
Series statement Megále ;
Volume/sequential designation 9
490 0# - SERIES STATEMENT
Series statement Colección Eusébeia
650 #7 - SUBJECT ADDED ENTRY--TOPICAL TERM
Source of heading or term armarc
9 (RLIN) 13986
Topical term or geographic name entry element Judíos
General subdivision Restauración
651 #4 - SUBJECT ADDED ENTRY--GEOGRAPHIC NAME
Geographic name Jerusalén
651 #4 - SUBJECT ADDED ENTRY--GEOGRAPHIC NAME
Geographic name Palestina
651 #4 - SUBJECT ADDED ENTRY--GEOGRAPHIC NAME
Geographic name Jerusalén
General subdivision Historia
700 1# - ADDED ENTRY--PERSONAL NAME
Personal name Velasco Suárez, Horacio,
Relator term traductor
-- prologuista
765 0# - ORIGINAL LANGUAGE ENTRY
Main entry heading Chesterton, G. K., (Gilbert Keith), 1874-1936
Title The new Jerusalem.
942 ## - ADDED ENTRY ELEMENTS (KOHA)
Source of classification or shelving scheme Dewey Decimal Classification
Koha item type Libro
Classification part 956.9442
Item part C54
Existencias
Withdrawn status Lost status Source of classification or shelving scheme Damaged status Not for loan Collection code Home library Current library Shelving location Date acquired Source of acquisition Total Checkouts Full call number Barcode Date last seen Price effective from Koha item type
    Dewey Decimal Classification     General Centro de Estudios Guadalupanos Centro de Estudios Guadalupanos Sala general 03/12/2013   956.9442 C54 2008 47419 05/01/2026 03/12/2013 Libro